El contrato de enseąnza no reglada

Bibliographic Details
Main Author: Nę︢z Zorrilla, M® Carmen
Format: Unknown
Language:Spanish
Published: [Madrid] : Dykinson, 2006
Subjects:
Online Access:Acceso restringido

MARC

LEADER 00000ny a22000003n 4500
005 20110520112354.0
008 080728s2006 sp s 000 0 spa c
035 |a 1625 
040 |a UMA.RE  |d vLex 
080 |a 342.733(460)(0.034) 
090 |c 84  |d 84 
100 1 |a Nę︢z Zorrilla, M® Carmen 
245 1 4 |a El contrato de enseąnza no reglada  |h [Recurso electrn̤ico]  |c M® Carmen Nę︢z Zorrilla 
256 |a Servicio en ln̕ea 
260 |a [Madrid] :  |b Dykinson,  |c 2006 
506 1 |a Contenido solo disponible en los productos indicados  |d vLex Global  |d vLex Global (Academic Edition, excluding Law Schools)  |d vLex Global (U.S. Academic Edition, Law Schools)  |d vLex Global (U.S. Academic Edition, excluding Law Schools)  |d vLex Global (Academic Edition, Law Schools) 
650 0 7 |a Contratos  |2 Tesauro vLex 
650 0 7 |a Civil  |2 Tesauro vLex 
650 0 7 |a Enseąnzas  |2 Tesauro vLex 
740 0 |a vLex Libros (Servicios en ln̕ea) 
856 4 0 |u http://vlex.com/source/1625  |z Acceso restringido 
942 |c BOOK 
999 0 4 |a Teaching  |z Espaą  |v En ln̕ea 
999 0 4 |a Libertad de enseąnza  |z Espaą  |v En ln̕ea